Stolice świata najbliżej Ottawy - Statystyki

Ogólne statystyki
  • Ten quiz został rozwiązany 190 razy
  • Średni wynik to 5 z 20
Statystyki odpowiedzi
km stolica % Poprawnych
735 Waszyngton
100%
3607 Meksyk
92%
2556 Hawana
57%
3699 Gwatemala
32%
3053 Kingston
30%
2274 Nassau
29%
3048 Santo Domingo
26%
3755 San Salvador
24%
3656 Tegucigalpa
24%
2562 Nuuk
22%
3003 Port-au-Prince
22%
3363 Belmopan
20%
3840 Managua
19%
3403 Saint John’s
14%
3611 Roseau
10%
3355 Basseterre
9%
3761 Castries
7%
3703 Oranjestad
0%
3267 Philipsburg
0%
3763 Willemstad
0%
Nie znaleziono quizów pasujących do podanych kryteriów
Rozkład punktacji
Procent ludzi z każdym wynikiem
Percentyl według liczby udzielonych odpowiedzi
Twoja historia wyników
Nie rozwiązałeś tego quizu